<?xml version="1.0" encoding="UTF-8"?>
<collection xmlns="http://www.loc.gov/MARC21/slim">
  <record>
    <leader>00000nam  2200000   4500</leader>
    <controlfield tag="001">INLIS000000000059743</controlfield>
    <controlfield tag="005">20211130094911</controlfield>
    <datafield tag="035" ind1="#" ind2="#">
      <subfield code="a">0010-1121000480</subfield>
    </datafield>
    <controlfield tag="007">ta</controlfield>
    <controlfield tag="008">211130###########################0#ind##</controlfield>
    <datafield tag="020" ind1="#" ind2="#">
      <subfield code="a">979-8085-17-5</subfield>
    </datafield>
    <datafield tag="082" ind1="#" ind2="#">
      <subfield code="a">959.8</subfield>
    </datafield>
    <datafield tag="084" ind1="#" ind2="#">
      <subfield code="a">959.8 Ser s</subfield>
    </datafield>
    <datafield tag="245" ind1="#" ind2="#">
      <subfield code="a">Serangan Umum 1 Maret 1949 di Yogyakarta :</subfield>
      <subfield code="b">Latar Belakang dan Pengaruhnya</subfield>
    </datafield>
    <datafield tag="250" ind1="#" ind2="#">
      <subfield code="a">cet 6</subfield>
    </datafield>
    <datafield tag="300" ind1="#" ind2="#">
      <subfield code="a">425 halaman :</subfield>
      <subfield code="b">ilustrasi ;</subfield>
      <subfield code="c">21 cm</subfield>
    </datafield>
    <datafield tag="650" ind1="#" ind2="4">
      <subfield code="a">Sejarah - Revolusi</subfield>
    </datafield>
    <datafield tag="264" ind1="#" ind2="#">
      <subfield code="a">Jakarta :</subfield>
      <subfield code="b">Citra Lamtoro Gung Persada,</subfield>
      <subfield code="c">1993</subfield>
    </datafield>
    <datafield tag="336" ind1="#" ind2="#">
      <subfield code="a">teks</subfield>
      <subfield code="2">rdacontent</subfield>
    </datafield>
    <datafield tag="337" ind1="#" ind2="#">
      <subfield code="a">lain-lain</subfield>
      <subfield code="2">rdamedia</subfield>
    </datafield>
    <datafield tag="338" ind1="#" ind2="#">
      <subfield code="a">lain-lain</subfield>
      <subfield code="2">rdacarrier</subfield>
    </datafield>
    <datafield tag="990" ind1="#" ind2="#">
      <subfield code="a">32893289</subfield>
    </datafield>
    <datafield tag="990" ind1="#" ind2="#">
      <subfield code="a">00130013</subfield>
    </datafield>
  </record>
</collection>
